[Event "Kragero Resort Chess A 2019"]
[Site "Kragero"]
[Date "2019.02.22"]
[Round "4.9"]
[White "Kjartansson, Gudmundur"]
[Black "Wedda, Dries"]
[Result "1-0"]
[WhiteElo "2403"]
[BlackElo "2173"]
[Annotator "NA"]
[PlyCount "51"]
[EventDate "2019.02.20"]
[EventType "swiss"]
[EventCountry "NOR"]
[SourceTitle "playchess.com"]
[Source "ChessBase"]
[SourceQuality "1"]
[TimeControl "5400+30"]

1. Nf3 {[%emt 0:00:00]} c5 {[%emt 0:00:45]} 2. c4 {[%emt 0:00:00]} Nc6 {[%emt 0:00:09]} 3. Nc3 {[%emt 0:00:02]} e5 {[%emt 0:00:10]} 4. g3 {[%emt 0:00:20]} g6 {[%emt 0:00:24]} 5. Bg2 {[%emt 0:00:09]} Bg7 {[%emt 0:00:11]} 6. O-O {[%emt 0:00:05]} Nge7 {[%emt 0:00:12]} 7. a3 {[%emt 0:00:04]} O-O {[%emt 0:00:45]} 8. Rb1 {[%emt 0:00:21]} d6 {[%emt 0:05:23]} 9. b4 {[%emt 0:00:37]} f5 {[%emt 0:13:28]} 10. Ne1 {[%emt 0:09:49]} Rb8 {[%emt 0:05:40]} 11. Nd5 {[%emt 0:08:39]} b6 {[%emt 0:08:38]} 12. d3 {[%emt 0:01:47]} h6 $11 {[%emt 0:03:04]} 13. b5 {[%emt 0:15:06]} Nd4 {[%emt 0:02:33]} 14. e3 {[%emt 0:00:53]} Ne6 {[%emt 0:00:15]} 15. f4 {[%emt 0:00:36]} Nxd5 {[%emt 0:13:07]} 16. cxd5 {[%emt 0:04:42]} Nc7 {[%emt 0:00:25]} 17. e4 {[%emt 0:02:42]} Bd7 {[%emt 0:11:11]} 18. fxe5 {[%emt 0:00:24]} dxe5 {[%emt 0:00:13]} 19. a4 {[%emt 0:00:42]} Ra8 {[%emt 0:14:02]} 20. d6 {[%emt 0:03:59]} Ne8 {[%emt 0:00:32]} 21. exf5 {[%emt 0:00:09]} Bxf5 {[%emt 0:03:56]} 22. Bd5+ {[%emt 0:04:45]} Kh7 {[%emt 0:00:22]} 23. g4 {[%emt 0:00:37]} Bd7 {[%emt 0:09:36]} 24. Rxf8 {[%emt 0:00:27]} Bxf8 {[%emt 0:00:08]} 25. Qf3 {[%emt 0:00:52]} Rb8 {[%emt 0:02:06]} 26. Qf7+ {[%emt 0:00:36]} 1-0

[Event "Kragero Resort Chess A 2019"]
[Site "Kragero"]
[Date "2019.02.22"]
[Round "4.10"]
[White "Birkisson, Bardur Orn"]
[Black "Osmak, Iulija"]
[Result "1/2-1/2"]
[WhiteElo "2233"]
[BlackElo "2394"]
[Annotator "NA"]
[PlyCount "100"]
[EventDate "2019.02.20"]
[EventType "swiss"]
[EventCountry "NOR"]
[SourceTitle "playchess.com"]
[Source "ChessBase"]
[SourceQuality "1"]
[TimeControl "5400+30"]

1. d4 {[%emt 0:00:00]} e6 {[%emt 0:00:00]} 2. Nf3 {[%emt 0:00:01]} c5 {[%emt 0:00:29]} 3. c3 {[%emt 0:01:13]} Nc6 {[%emt 0:00:38]} 4. Bf4 {[%emt 0:03:17]} Qb6 {[%emt 0:00:26]} 5. Qb3 {[%emt 0:01:03]} Qxb3 {[%emt 0:00:51]} 6. axb3 {[%emt 0:00:10]} cxd4 {[%emt 0:00:04]} 7. Nxd4 {[%emt 0:00:12]} Nxd4 {[%emt 0:00:16]} 8. cxd4 {[%emt 0:00:12]} d5 {[%emt 0:00:05]} 9. e3 {[%emt 0:02:56]} Bb4+ {[%emt 0:05:03]} 10. Nc3 {[%emt 0:01:56]} Bd7 {[%emt 0:01:01]} 11. Bd3 {[%emt 0:01:15]} Nf6 {[%emt 0:01:07]} 12. f3 {[%emt 0:00:39]} Ke7 {[%emt 0:11:06]} 13. Ke2 {[%emt 0:12:44]} Rhc8 {[%emt 0:09:28]} 14. Rhc1 {[%emt 0:01:09]} h6 {[%emt 0:01:08]} 15. h4 {[%emt 0:01:29]} Bc6 {[%emt 0:08:31]} 16. Na2 {[%emt 0:15:38]} Bd6 {[%emt 0:01:48]} 17. Bxd6+ {[%emt 0:00:37]} Kxd6 {[%emt 0:00:05]} 18. b4 {[%emt 0:01:10]} a6 {[%emt 0:05:47]} 19. Nc3 {[%emt 0:01:42]} Ne8 {[%emt 0:02:42]} 20. g4 {[%emt 0:02:52]} Ke7 {[%emt 0:01:52]} 21. e4 {[%emt 0:26:59]} dxe4 {[%emt 0:11:16]} 22. fxe4 {[%emt 0:00:31]} Rd8 {[%emt 0:00:17]} 23. Ke3 {[%emt 0:00:52]} Nf6 {[%emt 0:00:46]} 24. Be2 {[%emt 0:01:36]} g5 {[%emt 0:02:46]} 25. hxg5 {[%emt 0:01:05]} hxg5 {[%emt 0:00:03]} 26. Bf3 {[%emt 0:01:23]} Rac8 {[%emt 0:03:15]} 27. e5 {[%emt 0:03:01]} Nd5+ {[%emt 0:13:34]} 28. Bxd5 {[%emt 0:01:14]} Bxd5 {[%emt 0:01:07]} 29. Ne4 {[%emt 0:07:57]} Bxe4 {[%emt 0:03:13]} 30. Kxe4 {[%emt 0:00:08]} Rh8 {[%emt 0:00:17]} 31. b5 {[%emt 0:06:50]} Rxc1 {[%emt 0:11:38]} 32. Rxc1 {[%emt 0:00:08]} Kd7 {[%emt 0:00:10]} 33. bxa6 {[%emt 0:01:37]} bxa6 {[%emt 0:00:03]} 34. Rf1 {[%emt 0:01:00]} Ke7 {[%emt 0:00:14]} 35. Ra1 {[%emt 0:00:32]} Rb8 {[%emt 0:01:40]} 36. Rxa6 {[%emt 0:01:03]} Rxb2 {[%emt 0:00:04]} 37. Ra7+ {[%emt 0:00:27]} Kf8 {[%emt 0:00:10]} 38. Ra8+ {[%emt 0:00:48]} Kg7 {[%emt 0:00:05]} 39. Kf3 {[%emt 0:00:25]} Rb3+ {[%emt 0:00:55]} 40. Kf2 {[%emt 0:00:12]} Rd3 {[%emt 0:01:10]} 41. Rd8 {[%emt 0:00:12]} Rd1 {[%emt 0:00:36]} 42. Rd7 {[%emt 0:01:53]} Kf8 {[%emt 0:00:27]} 43. Rd8+ {[%emt 0:00:05]} Ke7 {[%emt 0:01:07]} 44. Rg8 {[%emt 0:00:07]} Rxd4 {[%emt 0:00:06]} 45. Rxg5 {[%emt 0:00:07]} Rd3 {[%emt 0:00:55]} 46. Ke2 {[%emt 0:00:25]} Ra3 {[%emt 0:00:04]} 47. Kf2 {[%emt 0:00:08]} Kf8 {[%emt 0:00:28]} 48. Ke2 {[%emt 0:00:18]} Ra5 {[%emt 0:00:49]} 49. Kf3 {[%emt 0:00:36]} Ra3+ {[%emt 0:00:55]} 50. Kf4 {[%emt 0:00:20]} Ra4+ {[%emt 0:00:15] Ke4 [%emt 00:00:27]} 1/2-1/2

[Event "Kragero Resort Chess A 2019"]
[Site "Kragero"]
[Date "2019.02.22"]
[Round "4.11"]
[White "Ranaldi, Lucas"]
[Black "Mihajlov, Sebastian"]
[Result "1/2-1/2"]
[WhiteElo "2229"]
[BlackElo "2357"]
[Annotator "TA"]
[PlyCount "67"]
[EventDate "2019.02.20"]
[EventType "swiss"]
[EventCountry "NOR"]
[SourceTitle "playchess.com"]
[Source "ChessBase"]
[SourceQuality "1"]

{[%evp 17,67,-12,0,0,0,21,0,0,13,8,7,-8,-13,-4,0,0,0,0,0,0,0,0,0,0,0,0,0,0,0,0,0,0,0,0,0,0,0,0,0,0,0,0,0,0,0,-15,0,0,0,-12,0,-7]} 1. e4 c5 2. Nf3 d6 3. d4 cxd4 4. Nxd4 Nf6 5. Nc3 a6 6. Bc4 e6 7. Bb3 b5 8. Bg5 Be7 9. Qf3 Qc7 {The position is equal.} 10. e5 {B87: Sicilian Scheveningen/Najdorf: 6 Bc4, with early ...b5} Bb7 11. exd6 $1 Bxd6 12. Qe3 Bc5 ({But not} 12... Bxg2 $2 13. Rg1 $18) 13. O-O-O Nc6 $132 {[%mdl 2048] Black is not keeping still} ({Much weaker is} 13... Bxg2 $6 14. Rhg1 $18) 14. Qxe6+ fxe6 15. Nxe6 Bd6 16. Rhe1 Kd7 $1 17. Nxc7 Kxc7 {[#]} 18. Rxd6 $146 {[%mdl 512]} ({Predecessor:} 18. Bxf6 gxf6 {½-½ (25) Karjakin,S (2725)-Gashimov,V (2740) Nice 2010}) 18... Kxd6 19. Bf4+ $1 Kc5 20. Be3+ $1 Kd6 {White must now prevent ...Ne5.} 21. Bf4+ Kd7 {And now ...Rae8 would win.} (21... Kc5 $5 22. Be3+ $8 Kd6 23. Bf4+ $11) 22. Rd1+ Ke7 {...Rhd8 is the strong threat.} 23. Re1+ Kd7 {Strongly threatening ...Rae8.} (23... Kd8 $5 24. Rd1+ $8 Nd7 $11) 24. Rd1+ Ke8 {Threatens to win with ...Rd8.} (24... Ke7 $5 25. Re1+ $8 Kd7 $11) 25. Re1+ Ne7 (25... Kd8 $5 26. Rd1+ $8 Ke7 27. Re1+ Kd8 28. Rd1+ Ke8 29. Re1+ Kd8 $11) 26. Bd6 Nfg8 27. Bxg8 $1 {[%mdl 64] [#] Pin} Kd7 28. Rxe7+ {[%mdl 64] Double Attack} Kxd6 29. Rxb7 {aiming for Bb3.} Rhxg8 $11 {KRR-KRN} 30. Rf7 Ke6 31. Rc7 Kd6 32. Rf7 Ke6 33. Rc7 Kd6 34. Rf7 {Accuracy: White = 79%, Black = 78%.} 1/2-1/2

[Event "Kragero Resort Chess A 2019"]
[Site "Kragero"]
[Date "2019.02.22"]
[Round "4.12"]
[White "Miedema, David"]
[Black "Abdrlauf, Elham"]
[Result "1-0"]
[WhiteElo "2356"]
[BlackElo "2105"]
[Annotator "NA"]
[PlyCount "87"]
[EventDate "2019.02.20"]
[EventType "swiss"]
[EventCountry "NOR"]
[SourceTitle "playchess.com"]
[Source "ChessBase"]
[SourceQuality "1"]
[TimeControl "5400+30"]

1. e4 {[%emt 0:00:00]} c6 {[%emt 0:00:00]} 2. d4 {[%emt 0:00:00]} d5 {[%emt 0:00:00]} 3. e5 {[%emt 0:00:00]} c5 {[%emt 0:00:00]} 4. dxc5 {[%emt 0:00:00]} e6 {[%emt 0:00:00]} 5. a3 {[%emt 0:00:00]} (5. Nf3 Bxc5 6. a3 Ne7 7. Bd3 Ng6 8. O-O O-O 9. Nbd2 Nc6 10. b4 Bb6 11. Bxg6 fxg6 12. Nb3 Bd7 13. Re1 {1-0 (29) Anand,V (2773)-Mamedyarov,S (2817) Wijk aan Zee 2019}) 5... Bxc5 {[%emt 0:00:00]} 6. b4 {[%emt 0:00:00] B12: Caro-Kann: Advance Variation} Be7 {[%emt 0:00:00]} 7. Qg4 {[%emt 0:00:09]} Bf8 $146 {[%emt 0:08:01]} ({Predecessor:} 7... g6 8. Bd3 a5 9. b5 Nd7 10. Nf3 h5 11. Qf4 Nh6 12. O-O Nc5 {½-½ (20) Colin,S (2437)-Ruefenacht,M (2510) ICCF email 2016}) 8. Bd3 {[%emt 0:00:33]} Nd7 {[%emt 0:00:35]} 9. Nf3 {[%emt 0:01:35]} Ne7 {[%emt 0:01:11]} 10. O-O {[%emt 0:01:34]} a5 {[%emt 0:03:18]} 11. bxa5 {[%emt 0:13:14]} Nc5 {[%emt 0:05:12]} 12. Nbd2 {[%emt 0:09:40]} Rxa5 {[%emt 0:03:21]} 13. Nb3 {[%emt 0:00:07]} Nxd3 {[%emt 0:02:06]} 14. cxd3 {[%emt 0:00:49]} Ra8 {[%emt 0:01:10]} 15. Be3 {[%emt 0:03:05]} Nf5 {[%emt 0:00:49]} 16. Bg5 {[%emt 0:01:59]} Qd7 {[%emt 0:06:37]} 17. a4 {[%emt 0:00:09]} h6 {[%emt 0:05:20]} 18. Bd2 {[%emt 0:00:08]} Be7 {[%emt 0:01:33]} 19. a5 {[%emt 0:04:51]} O-O $11 {[%emt 0:01:32]} 20. Bb4 {[%emt 0:07:08]} Qb5 {[%emt 0:06:05]} 21. Bxe7 {[%emt 0:00:24]} Nxe7 {[%emt 0:00:03]} 22. Nfd4 {[%emt 0:08:36]} Qxd3 {[%emt 0:00:30]} 23. Rac1 {[%emt 0:00:35]} Qa6 {[%emt 0:08:31]} 24. Rc7 {[%emt 0:02:18]} Ng6 {[%emt 0:11:32]} 25. Qg3 {[%emt 0:00:05]} b6 {[%emt 0:01:39]} 26. Rfc1 {[%emt 0:02:13]} Re8 {[%emt 0:08:28]} 27. R1c6 {[%emt 0:07:43]} Rb8 {[%emt 0:00:34]} 28. Rd6 {[%emt 0:02:39]} Ne7 {[%emt 0:03:20]} 29. h4 {[%emt 0:01:31]} Rb7 {[%emt 0:05:25]} 30. Nc5 {[%emt 0:05:03]} bxc5 {[%emt 0:00:38]} 31. Rxa6 {[%emt 0:00:02]} Rxc7 {[%emt 0:00:03]} 32. Nb5 {[%emt 0:00:07]} Rd7 {[%emt 0:00:37]} 33. Ra8 {[%emt 0:04:20]} d4 {[%emt 0:02:11]} 34. Nd6 {[%emt 0:04:34]} Red8 {[%emt 0:00:31]} 35. Qf3 {[%emt 0:00:45]} Kh7 {[%emt 0:10:29]} 36. a6 {[%emt 0:01:56]} Rc7 {[%emt 0:01:01]} 37. a7 {[%emt 0:00:57]} Nd5 {[%emt 0:00:52]} 38. Rxc8 {[%emt 0:00:39]} Rcxc8 {[%emt 0:00:32]} 39. Nxc8 {[%emt 0:01:06]} Rxc8 {[%emt 0:00:00]} 40. Qd3+ {[%emt 0:00:23]} g6 {[%emt 0:00:16]} 41. Qa6 {[%emt 0:00:05]} d3 {[%emt 0:00:20]} 42. Qxc8 {[%emt 0:00:29]} d2 {[%emt 0:00:02]} 43. a8=Q {[%emt 0:00:08]} d1=Q+ {[%emt 0:00:07]} 44. Kh2 {[%emt 0:00:03]} 1-0

[Event "Kragero Resort Chess A 2019"]
[Site "Kragero"]
[Date "2019.02.22"]
[Round "4.13"]
[White "Fossan, Aleksander"]
[Black "Tryggestad, Andreas Garberg"]
[Result "1/2-1/2"]
[WhiteElo "2040"]
[BlackElo "2351"]
[Annotator "NA"]
[PlyCount "50"]
[EventDate "2019.02.20"]
[EventType "swiss"]
[EventCountry "NOR"]
[SourceTitle "playchess.com"]
[Source "ChessBase"]
[SourceQuality "1"]
[TimeControl "5400+30"]

1. e4 {[%emt 0:00:00]} c5 {[%emt 0:00:00]} 2. c3 {[%emt 0:00:00]} Nf6 {[%emt 0:00:00]} 3. e5 {[%emt 0:00:00]} Nd5 {[%emt 0:00:00]} 4. d4 {[%emt 0:00:00]} cxd4 {[%emt 0:00:00]} 5. Nf3 {[%emt 0:00:00]} Nc6 {[%emt 0:00:00]} 6. Bc4 {[%emt 0:00:00]} Nb6 {[%emt 0:00:00]} 7. Bb3 {[%emt 0:00:04]} g6 {[%emt 0:00:04]} 8. Ng5 $14 {[%emt 0:13:08]} e6 {[%emt 0:01:24]} 9. Ne4 {[%emt 0:09:18]} Nxe5 {[%emt 0:17:07]} 10. Bg5 {[%emt 0:00:39]} Be7 {[%emt 0:00:11]} 11. Nd6+ {[%emt 0:03:12]} Kf8 {[%emt 0:00:21]} 12. Bh6+ {[%emt 0:01:09]} Kg8 {[%emt 0:00:02]} 13. Qxd4 {[%emt 0:00:29]} Bf6 {[%emt 0:03:33]} 14. Qd1 {[%emt 0:09:08]} Bg5 {[%emt 0:16:51]} 15. Bxg5 {[%emt 0:02:17]} Qxg5 {[%emt 0:00:02]} 16. O-O {[%emt 0:01:00]} Qg4 {[%emt 0:06:23]} 17. c4 {[%emt 0:08:30]} Qxd1 {[%emt 0:09:21]} 18. Rxd1 {[%emt 0:00:03]} Rb8 {[%emt 0:00:20]} 19. Nc3 {[%emt 0:03:37]} Kg7 {[%emt 0:04:51]} 20. f4 {[%emt 0:02:41]} Nc6 {[%emt 0:00:25]} 21. Nce4 {[%emt 0:01:41]} Na8 {[%emt 0:01:24]} 22. Ng5 {[%emt 0:02:17]} h6 {[%emt 0:04:03]} 23. Ngxf7 {[%emt 0:01:56]} Rf8 {[%emt 0:00:06]} 24. Ne5 {[%emt 0:00:51]} Rxf4 {[%emt 0:00:19]} 25. Nxc6 {[%emt 0:01:36]} dxc6 {[%emt 0:02:07]} 1/2-1/2

[Event "Kragero Resort Chess A 2019"]
[Site "Kragero"]
[Date "2019.02.22"]
[Round "4.14"]
[White "Vestby-Ellingsen, Mads"]
[Black "Gudmundsson, Bjorgvin S"]
[Result "1-0"]
[WhiteElo "2343"]
[BlackElo "1941"]
[Annotator "NA"]
[PlyCount "63"]
[EventDate "2019.02.20"]
[EventType "swiss"]
[EventCountry "NOR"]
[SourceTitle "playchess.com"]
[Source "ChessBase"]
[SourceQuality "1"]
[TimeControl "5400+30"]

1. d4 {[%emt 0:00:00]} d5 {[%emt 0:00:51]} 2. c4 {[%emt 0:00:41]} c6 {[%emt 0:01:08]} 3. Nf3 {[%emt 0:00:50]} Nf6 {[%emt 0:00:30]} 4. Nc3 {[%emt 0:00:22]} g6 {[%emt 0:02:47]} 5. cxd5 $14 {[%emt 0:05:03]} cxd5 {[%emt 0:01:54]} 6. Bf4 {[%emt 0:00:18]} Bg7 {[%emt 0:00:12]} 7. h3 {[%emt 0:01:16]} O-O {[%emt 0:00:11]} 8. e3 {[%emt 0:00:18]} Bf5 {[%emt 0:13:06]} 9. Qb3 {[%emt 0:05:09]} Qb6 {[%emt 0:01:07]} 10. Qxb6 {[%emt 0:00:23]} axb6 {[%emt 0:00:07]} 11. Be2 {[%emt 0:00:21]} h6 {[%emt 0:08:44]} 12. O-O {[%emt 0:01:32]} Rc8 {[%emt 0:04:54]} 13. Rfc1 {[%emt 0:03:59]} Nc6 {[%emt 0:01:52]} 14. g4 {[%emt 0:01:22]} Be6 {[%emt 0:03:33]} 15. Ne5 {[%emt 0:10:02]} Ne4 {[%emt 0:18:20]} 16. Nd3 {[%emt 0:13:51]} Nxc3 {[%emt 0:27:17]} 17. bxc3 {[%emt 0:02:17]} Ra3 {[%emt 0:02:58]} 18. Bf3 {[%emt 0:01:39]} Na5 {[%emt 0:02:38]} 19. Nb4 {[%emt 0:00:47]} Raxc3 {[%emt 0:00:36]} 20. Rxc3 {[%emt 0:00:14]} Rxc3 {[%emt 0:00:01]} 21. Nxd5 {[%emt 0:04:24]} Bxd5 {[%emt 0:02:08]} 22. Bxd5 {[%emt 0:00:12]} e6 {[%emt 0:00:03]} 23. Bg2 {[%emt 0:01:33]} Rc2 {[%emt 0:04:26]} 24. Rb1 {[%emt 0:01:27]} Rxa2 {[%emt 0:01:56]} 25. Rxb6 {[%emt 0:00:35]} Ra1+ {[%emt 0:00:06]} 26. Kh2 {[%emt 0:00:13]} Ra2 {[%emt 0:00:07]} 27. Bg3 {[%emt 0:02:45]} Bf8 {[%emt 0:01:16]} 28. Rb5 {[%emt 0:00:42]} Kg7 {[%emt 0:00:36]} 29. d5 {[%emt 0:00:39]} exd5 {[%emt 0:00:31]} 30. Bxd5 {[%emt 0:00:13]} Ra4 {[%emt 0:01:00]} 31. Bc7 {[%emt 0:00:04]} Bb4 {[%emt 0:00:10]} 32. e4 {[%emt 0:00:19]} 1-0

[Event "Kragero Resort Chess A 2019"]
[Site "Kragero"]
[Date "2019.02.22"]
[Round "4.15"]
[White "Lund, Gunnar"]
[Black "Sgircea, Silvia-Raluca"]
[Result "0-1"]
[WhiteElo "2211"]
[BlackElo "2251"]
[Annotator "NA"]
[PlyCount "86"]
[EventDate "2019.02.20"]
[EventType "swiss"]
[EventCountry "NOR"]
[SourceTitle "playchess.com"]
[Source "ChessBase"]
[SourceQuality "1"]
[TimeControl "5400+30"]

1. b3 {[%emt 0:00:00]} d5 {[%emt 0:00:00]} 2. Bb2 {[%emt 0:00:00]} Nf6 {[%emt 0:00:15]} 3. Nf3 {[%emt 0:00:18]} Bf5 {[%emt 0:00:29]} 4. g3 {[%emt 0:00:11]} h6 {[%emt 0:03:20]} 5. Bg2 {[%emt 0:02:38]} e6 {[%emt 0:00:23]} 6. O-O {[%emt 0:01:28]} Be7 {[%emt 0:02:24]} 7. d3 {[%emt 0:00:20]} O-O $11 {[%emt 0:00:14]} 8. Nbd2 {[%emt 0:00:20]} Nbd7 {[%emt 0:02:21]} 9. Re1 {[%emt 0:00:23]} Bh7 {[%emt 0:01:34]} 10. e4 {[%emt 0:13:21]} dxe4 {[%emt 0:03:10]} 11. dxe4 {[%emt 0:05:25]} Nc5 {[%emt 0:03:28]} 12. Ne5 {[%emt 0:03:53]} c6 {[%emt 0:08:31]} 13. Qe2 {[%emt 0:10:33]} Qc7 {[%emt 0:07:37]} 14. Ng4 {[%emt 0:06:19]} Nfd7 {[%emt 0:07:40]} 15. f4 {[%emt 0:07:11]} Rfd8 {[%emt 0:11:06]} 16. Rad1 {[%emt 0:02:15]} f6 {[%emt 0:06:39]} 17. Nf1 {[%emt 0:08:47]} Nb6 {[%emt 0:06:13]} 18. e5 {[%emt 0:02:55]} f5 {[%emt 0:00:16]} 19. Nf2 {[%emt 0:01:00]} a5 {[%emt 0:01:11]} 20. a3 {[%emt 0:01:15]} Bf8 {[%emt 0:05:39]} 21. Rd2 {[%emt 0:04:35]} g5 {[%emt 0:06:22]} 22. fxg5 {[%emt 0:04:16]} hxg5 {[%emt 0:00:09]} 23. g4 {[%emt 0:02:56]} f4 {[%emt 0:01:34]} 24. Red1 {[%emt 0:03:22]} Rxd2 {[%emt 0:06:48]} 25. Rxd2 {[%emt 0:03:18]} Rd8 {[%emt 0:00:14]} 26. Be4 {[%emt 0:01:18]} Rxd2 {[%emt 0:05:53]} 27. Nxd2 {[%emt 0:00:31]} Nd5 {[%emt 0:00:10]} 28. Bxh7+ {[%emt 0:05:30]} Qxh7 {[%emt 0:00:01]} 29. Nde4 {[%emt 0:00:32]} Nxe4 {[%emt 0:00:07]} 30. Nxe4 {[%emt 0:00:06]} Be7 {[%emt 0:00:15]} 31. Bd4 {[%emt 0:01:50]} Ne3 {[%emt 0:01:21]} 32. Qf3 {[%emt 0:00:55]} Nxc2 {[%emt 0:00:47]} 33. Bf2 {[%emt 0:00:01]} Nxa3 {[%emt 0:01:25]} 34. h4 {[%emt 0:00:11]} Qg7 {[%emt 0:01:28]} 35. hxg5 {[%emt 0:04:32]} Bxg5 {[%emt 0:00:57]} 36. Qd3 {[%emt 0:02:35]} Nb5 {[%emt 0:02:35]} 37. Qc4 {[%emt 0:00:30]} Nc7 {[%emt 0:01:12]} 38. Qc5 {[%emt 0:01:03]} Be7 {[%emt 0:00:32]} 39. Qxa5 {[%emt 0:00:16]} Qxg4+ {[%emt 0:00:05]} 40. Kh2 {[%emt 0:00:12]} f3 {[%emt 0:01:08]} 41. Bg3 {[%emt 0:00:24]} Qxe4 {[%emt 0:00:26]} 42. Qxc7 {[%emt 0:00:10]} Qc2+ {[%emt 0:00:03]} 43. Kh3 {[%emt 0:00:07]} Qh7+ {[%emt 0:00:05]} 0-1

[Event "Kragero Resort Chess A 2019"]
[Site "Kragero"]
[Date "2019.02.22"]
[Round "4.16"]
[White "Jonsson, Gauti Pall"]
[Black "Malakhatko, Vadim"]
[Result "0-1"]
[WhiteElo "2070"]
[BlackElo "2525"]
[Annotator "RC"]
[PlyCount "70"]
[EventDate "2019.02.20"]
[EventType "swiss"]
[EventCountry "NOR"]
[SourceTitle "playchess.com"]
[Source "ChessBase"]
[SourceQuality "1"]
[TimeControl "5400+30"]

1. c4 {[%emt 0:00:00]} g6 {[%emt 0:04:57]} 2. g3 {[%emt 0:02:52]} Bg7 {[%emt 0:00:08]} 3. Bg2 {[%emt 0:00:06]} e6 {[%emt 0:02:10]} 4. e4 {[%emt 0:03:16]} c5 {[%emt 0:00:08]} 5. Nc3 {[%emt 0:01:09]} Nc6 {[%emt 0:00:08]} 6. Nge2 {[%emt 0:01:50]} d6 {[%emt 0:01:50]} 7. d3 {[%emt 0:03:12]} Nge7 {[%emt 0:00:08]} 8. Be3 {[%emt 0:00:56]} Nd4 {[%emt 0:00:10]} 9. O-O {[%emt 0:02:37]} O-O {[%emt 0:00:07]} 10. Rb1 {[%emt 0:02:23]} Bd7 {[%emt 0:01:57]} 11. b4 {[%emt 0:05:09]} b6 {[%emt 0:00:07]} 12. a3 {[%emt 0:04:49]} Bc6 {[%emt 0:05:02]} 13. Nf4 {[%emt 0:03:41]} Qd7 {[%emt 0:00:54]} 14. b5 {[%emt 0:05:21]} Bb7 {[%emt 0:00:06]} 15. Nce2 {[%emt 0:02:48]} Nxe2+ {[%emt 0:12:02]} 16. Qxe2 {[%emt 0:04:35]} Qc7 {[%emt 0:00:26]} 17. h4 {[%emt 0:04:16]} a6 {[%emt 0:06:21]} 18. a4 {[%emt 0:01:40]} axb5 {[%emt 0:00:07]} 19. axb5 {[%emt 0:00:22]} h6 {[%emt 0:08:43]} 20. Bh3 {[%emt 0:05:02]} Bc8 {[%emt 0:00:40]} 21. Bg2 {[%emt 0:06:11]} Ra7 {[%emt 0:00:26]} 22. Qd2 {[%emt 0:01:24]} Kh7 {[%emt 0:00:58]} 23. Kh2 {[%emt 0:08:28]} Bd7 {[%emt 0:04:29]} 24. Rh1 {[%emt 0:00:41]} Rfa8 {[%emt 0:00:34]} 25. Qe2 {[%emt 0:02:22]} Ra2 {[%emt 0:04:30]} 26. Qf3 {[%emt 0:02:33]} Rf8 {[%emt 0:00:11]} 27. Nh3 {[%emt 0:04:28]} f5 {[%emt 0:06:51]} 28. exf5 {[%emt 0:01:19]} Nxf5 {[%emt 0:00:21]} 29. Qd1 {[%emt 0:01:11]} Be5 {[%emt 0:03:37]} 30. Bf4 {[%emt 0:01:38]} Bxf4 {[%emt 0:06:03]} 31. Nxf4 {[%emt 0:00:17]} Rxf2 {[%emt 0:00:08]} 32. Qe1 {[%emt 0:03:49]} Ra2 {[%emt 0:00:50]} 33. Nxe6 {[%emt 0:01:22]} Bxe6 {[%emt 0:00:08]} 34. Qxe6 {[%emt 0:00:09]} d5 {[%emt 0:00:22]} 35. Qxd5 {[%emt 0:02:10]} Ne3 {[%emt 0:03:51]} 0-1

[Event "Kragero Resort Chess A 2019"]
[Site "Kragero"]
[Date "2019.02.22"]
[Round "4.17"]
[White "Thorfinnsson, Bragi"]
[Black "Birkisson, Bjorn Holm"]
[Result "1/2-1/2"]
[WhiteElo "2438"]
[BlackElo "2078"]
[Annotator "TA"]
[PlyCount "70"]
[EventDate "2019.02.20"]
[EventType "swiss"]
[EventCountry "NOR"]
[SourceTitle "playchess.com"]
[Source "ChessBase"]
[SourceQuality "1"]

{[%evp 9,70,19,26,18,36,28,32,-9,-3,-8,7,-37,-25,-26,-32,-27,-32,-22,-25,-35,-35,-48,-44,-44,-29,-29,-11,-11,-6,-27,-27,-37,-18,-69,-61,-102,-30,-28,-19,-46,2,7,17,-30,-35,-32,-36,-28,-39,-124,-124,-124,-124,-136,-30,-99,-30,-37,-43,-64,0,0,0]} 1. e4 c5 2. Nf3 d6 3. Bb5+ Bd7 4. c4 Nf6 5. Nc3 g6 6. O-O {B52: Sicilian: Moscow Variation with 3...Bd7} (6. d4 cxd4 7. Nxd4 Bg7 8. f3 O-O 9. Be3 Bxb5 10. Ndxb5 Nc6 11. Rc1 a6 12. Nd4 Rc8 {0-1 (47) Kovalev,V (2683)-Van Foreest,J (2614) St Petersburg 2018}) 6... Bxb5 7. cxb5 Bg7 8. d3 {White is slightly better.} O-O 9. Bg5 $146 ({Predecessor:} 9. h3 Nbd7 10. Bg5 h6 11. Be3 Ne5 12. Nxe5 dxe5 13. Bxc5 {½-½ (50) Gorman,A (844)-Garcia,J (749) LSS email 2014}) 9... h6 10. Bh4 g5 11. Bg3 Nh5 12. Nd2 Nxg3 13. hxg3 e6 14. Qf3 Nd7 15. Nc4 Ne5 16. Qe2 a6 17. a4 Nxc4 18. dxc4 Bd4 19. Qd2 Qf6 20. Ra3 Rfd8 21. Ne2 (21. a5 $11) 21... Bxb2 $15 22. Rd3 d5 (22... axb5 $17 23. axb5 Ra4) 23. exd5 $11 exd5 24. cxd5 c4 25. Rf3 Qe5 26. Rd1 axb5 27. axb5 Ra1 28. Rxa1 Bxa1 29. Qa5 (29. Qa2 $15) 29... Rxd5 $17 30. Qa8+ Kg7 {Threatens to win with ...Rd1+.} 31. Qxb7 Rd1+ 32. Kh2 {[#]} Qd5 ({Don't blunder} 32... Qxe2 $2 33. Qxf7+ Kh8 34. Re3 $18) (32... Qe6 $1 $17 {[%cal Re6g6] Hoping for ...Qg6.} 33. Re3 Qf5) 33. Qxd5 $11 Rxd5 34. Nc3 Bxc3 ({Better is} 34... Rd8 $15) 35. Rxc3 Rxb5 {Accuracy: White = 32%, Black = 55%.} 1/2-1/2